Guess the Fusion "Rock" Song Lyrics #105 - Statistics

General Stats
  • This quiz has been taken 14 times
  • The average score is 175 of 275
Answer Stats
Answer % Correct
a
100%
and
100%
And
100%
I
100%
Who
100%
for
92%
For
92%
no
92%
this
92%
He
85%
he
85%
here
85%
it
85%
My
85%
my
85%
not
85%
on
85%
Take
85%
the
85%
The
85%
I'm
77%
in
77%
more
77%
of
77%
time
77%
to
77%
When
77%
ain't
69%
got
69%
I'd
69%
I've
69%
out
69%
shove
69%
that
69%
all
62%
All
62%
As
62%
can't
62%
If
62%
job
62%
now
62%
done
54%
get
54%
give
54%
gonna
54%
had
54%
off
54%
One
54%
see
54%
took
54%
was
54%
way
54%
workin
54%
working
54%
been
46%
boss
46%
good
46%
right
46%
say
46%
back
38%
better
38%
brand
38%
days
38%
door
38%
he's
38%
left
38%
lot
38%
new
38%
pay
38%
reasons
38%
these
38%
walkin
38%
die
31%
Johnny Paycheck
31%
seen
31%
shirt
31%
stand
31%
their
31%
try
31%
woman
31%
factory
23%
fifteen
23%
nerve
23%
thinks
23%
wait
23%
years
23%
bills
15%
blow
15%
faces
15%
fool
15%
foreman
15%
Lord
15%
top
15%
Ya
15%
cool
8%
dog
8%
Drownin
8%
flat
8%
folk
8%
guts
8%
haircut
8%
line
8%
pool
8%
regular
8%
sucker
8%
tears
8%
watched
8%
Lore
0%
No matching quizzes found
Score Distribution
Percent of People with Each Score
Percentile by Number Answered
Your Score History
You have not taken this quiz